[Event "Florianopolis Autumn op U2300"]
[Site "Florianopolis"]
[Date "2022.05.15"]
[Round "6"]
[White "Volkmann, Andre Jordi"]
[Black "Deste, Dayan Kuhn"]
[Result "1-0"]
[WhiteElo "2087"]
[BlackElo "1977"]
[PlyCount "151"]
[EventDate "2022.05.13"]
[EventType "swiss"]
[EventRounds "6"]
[EventCountry "BRA"]
[SourceTitle "CBM 208 Extra"]
[Source "ChessBase"]
[SourceDate "2022.07.31"]
[SourceVersion "1"]
[SourceVersionDate "2022.07.31"]
[SourceQuality "1"]

1. d4 d5 2. c4 Bf5 3. cxd5 Bxb1 4. Rxb1 Qxd5 5. Nf3 Nf6 6. a3 e6 7. g3 c5 8. Bg2 Nc6 9. 0-0 Qd7 10. dxc5 Qxd1 11. Rxd1 Bxc5 12. b4 Bb6 13. Bb2 Ke7 14. b5 Na5 15. Ne5 Rhd8 16. a4 Ke8 17. Bc3 Nd5 18. Bxd5 exd5 19. Nf3 f6 20. Rd3 Rac8 21. Nh4 Kf7 22. Rbd1 Ke6 23. Bd4 Bxd4 24. Rxd4 Nb3 25. R4d3 Nc5 26. Re3+ Kf7 27. Nf5 Ne6 28. Red3 g6 29. Nd4 Rc4 30. Nb3 d4 31. Ra1 Nc5 32. Nxc5 Rxc5 33. Rb3 Rc2 34. b6 a6 35. e3 d3 36. Rd1 d2 37. Kf1 Ra2 38. Rc3 Rd7 39. Ke2 Ke7 40. Rc4 Rb2 41. a5 Ra2 42. Rc5 h6 43. h4 h5 44. e4 Ke6 45. f3 Ke7 46. g4 hxg4 47. fxg4 Ke6 48. h5 gxh5 49. gxh5 Rd8 50. h6 Rh8 51. Rh5 Ra4 52. Ke3 Ra3+ 53. Kxd2 Rg3 54. Rc1 Rg5 55. Rxg5 fxg5 56. Rc7 Rxh6 57. Rxb7 Rh2+ 58. Kc3 Ra2 59. Kb4 Re2 60. Ra7 Rxe4+ 61. Kc3 Re3+ 62. Kd2 Rb3 63. Rxa6 Kd7 64. Ra7+ Kc8 65. Kc2 Rb5 66. Kd3 g4 67. Kc4 Rb1 68. Rg7 g3 69. Rxg3 Kb7 70. Rg7+ Kb8 71. Kc5 Rb2 72. Kc6 Rc2+ 73. Kb5 Rc8 74. a6 Re8 75. a7+ Ka8 76. Ka6 1-0

[Event "Caioba Copel op 5th"]
[Site "Caioba"]
[Date "2019.09.17"]
[Round "4"]
[White "Deste, Dayan Kuhn"]
[Black "Kim, Thiago"]
[Result "0-1"]
[WhiteElo "2021"]
[BlackElo "1674"]
[PlyCount "80"]
[EventDate "2019.08.15"]
[EventType "swiss"]
[EventRounds "6"]
[EventCountry "BRA"]
[SourceTitle "EXT 2020"]
[Source "ChessBase"]
[SourceDate "2019.10.17"]
[SourceVersion "1"]
[SourceVersionDate "2019.10.17"]
[SourceQuality "1"]

1. e4 c5 2. Nf3 e6 3. d4 cxd4 4. Nxd4 Nf6 5. Nc3 Nc6 6. Nxc6 bxc6 7. Bd3 d5 8. exd5 cxd5 9. 0-0 Be7 10. Bf4 a6 11. Re1 0-0 12. Qf3 h6 13. Rad1 Bd6 14. Bc1 Qc7 15. Kh1 Nd7 16. Qh5 Nf6 17. Qh4 Ne8 18. Ne2 e5 19. Nc3 Be6 20. Ne4 dxe4 21. Qxe4 Nf6 22. Qh4 e4 23. Bxe4 Nxe4 24. Qxe4 Rfe8 25. Qa4 Bd7 26. Rxe8+ Bxe8 27. Qd4 Be5 28. Qg4 Rd8 29. Re1 Bd7 30. Qe2 Bb5 31. Qe4 Rd4 32. Qa8+ Kh7 33. Qf3 Qd7 34. h3 Bc6 35. Qh5 Bf6 36. f4 g6 37. Qg4 Qd5 38. c3 Rd3 39. Be3 h5 40. Qg3 Bh4 0-1

[Event "BRA-ch Amateur U2000"]
[Site "Sao Paulo"]
[Date "2019.06.22"]
[Round "6"]
[White "Deste, Dayan Kuhn"]
[Black "Soares, Paulo Henrique Dos"]
[Result "1-0"]
[WhiteElo "1993"]
[BlackElo "1925"]
[PlyCount "43"]
[EventDate "2019.06.20"]
[EventType "swiss"]
[EventRounds "7"]
[EventCountry "BRA"]
[SourceTitle "EXT 2020"]
[Source "ChessBase"]
[SourceDate "2019.10.17"]
[SourceVersion "1"]
[SourceVersionDate "2019.10.17"]
[SourceQuality "1"]

1. e4 c5 2. Nf3 d6 3. d4 cxd4 4. Nxd4 Nf6 5. Nc3 a6 6. Bg5 e6 7. f4 Be7 8. Qf3 Nbd7 9. 0-0-0 Qc7 10. g4 b5 11. Bxf6 Nxf6 12. g5 Nd7 13. f5 Ne5 14. Qh5 g6 15. Qh6 Ng4 16. Qh4 exf5 17. exf5 Bb7 18. Qxg4 Bxh1 19. f6 h5 20. Qg1 Bxf6 21. gxf6 b4 22. Qxh1 1-0

[Event "BRA-ch Amateur U2000"]
[Site "Sao Paulo"]
[Date "2017.10.15"]
[Round "7"]
[White "Reinaldo Dos Santos, Julio"]
[Black "Deste, Dayan Kuhn"]
[Result "0-1"]
[WhiteElo "1946"]
[BlackElo "1980"]
[PlyCount "64"]
[EventDate "2017.10.12"]
[EventType "swiss"]
[EventRounds "7"]
[EventCountry "BRA"]
[SourceTitle "EXT 2022"]
[Source "ChessBase"]
[SourceDate "2021.10.06"]
[SourceVersion "1"]
[SourceVersionDate "2021.10.06"]
[SourceQuality "1"]

1. d4 d5 2. Bf4 Bf5 3. e3 e6 4. c4 Bd6 5. Bg3 Nf6 6. Nc3 c6 7. Nf3 0-0 8. Nh4 Bg4 9. f3 Bh5 10. Bf2 e5 11. g4 Bg6 12. Nxg6 fxg6 13. dxe5 Bxe5 14. Qb3 Qe7 15. cxd5 Kh8 16. dxc6 Nxc6 17. Be2 Rad8 18. 0-0 Rd2 19. Rfe1 Nxg4 20. f4 Nxf2 21. Kxf2 g5 22. Nd5 Qe6 23. Red1 Rxb2 24. Qd3 gxf4 25. Nxf4 g5 26. Ke1 gxf4 27. exf4 Rxf4 28. Rab1 Rxe2+ 29. Kxe2 Bc3+ 30. Qe3 Re4 31. Rd3 Rxe3+ 32. Rxe3 Qxa2+ 0-1

[Event "BRA-ch Amateur U2000"]
[Site "Sao Paulo"]
[Date "2017.10.14"]
[Round "5"]
[White "Lage, Pedro Ferreira"]
[Black "Deste, Dayan Kuhn"]
[Result "1/2-1/2"]
[WhiteElo "1884"]
[BlackElo "1980"]
[PlyCount "80"]
[EventDate "2017.10.12"]
[EventType "swiss"]
[EventRounds "7"]
[EventCountry "BRA"]
[SourceTitle "EXT 2019"]
[Source "ChessBase"]
[SourceDate "2018.10.10"]
[SourceVersion "1"]
[SourceVersionDate "2018.10.10"]
[SourceQuality "1"]

1. Nf3 d5 2. c4 Bf5 3. cxd5 Bxb1 4. Qa4+ Qd7 5. Qxd7+ Nxd7 6. Rxb1 Ngf6 7. d4 Nxd5 8. e4 N5f6 9. Bd3 e6 10. b4 Be7 11. Bd2 a6 12. Ke2 0-0 13. a4 c6 14. Ra1 h6 15. Rhb1 Rfc8 16. b5 axb5 17. axb5 c5 18. Bc3 cxd4 19. Bxd4 Bc5 20. Rxa8 Rxa8 21. Ra1 Rd8 22. Bc3 Bb6 23. Nd2 Ng4 24. f3 Nge5 25. Bb1 Rc8 26. Bb4 Rc1 27. Ra8+ Kh7 28. f4 Ng6 29. e5 f5 30. exf6 gxf6 31. g3 Kg7 32. Be4 Bc5 33. Nb3 Rc4 34. Nxc5 Nxc5 35. Bxc5 Rxc5 36. Ra7 Rxb5 37. Rxb7+ Rxb7 38. Bxb7 Ne7 39. Ke3 Nf5+ 40. Kf3 Nd6 1/2-1/2

[Event "BRA-ch Amateur U2000"]
[Site "Sao Paulo"]
[Date "2017.10.13"]
[Round "4"]
[White "Deste, Dayan Kuhn"]
[Black "Do Valle Cardoso, Lucas"]
[Result "1/2-1/2"]
[WhiteElo "1980"]
[BlackElo "1959"]
[PlyCount "43"]
[EventDate "2017.10.12"]
[EventType "swiss"]
[EventRounds "7"]
[EventCountry "BRA"]
[SourceTitle "EXT 2022"]
[Source "ChessBase"]
[SourceDate "2021.10.06"]
[SourceVersion "1"]
[SourceVersionDate "2021.10.06"]
[SourceQuality "1"]

1. e4 e5 2. Nf3 Nc6 3. Bc4 Nf6 4. d3 Bc5 5. 0-0 d6 6. h3 a6 7. Be3 Ba7 8. Nbd2 0-0 9. Re1 Re8 10. Nf1 h6 11. Ng3 Be6 12. Bb3 d5 13. Qd2 d4 14. Bxh6 gxh6 15. Qxh6 Bc5 16. Ng5 Bf8 17. Qh4 Bxb3 18. axb3 Ne7 19. Nh5 Nd7 20. Ng3 Nf6 21. Nh5 Nd7 22. Ng3 1/2-1/2

[Event "BRA-ch Amateur U2000"]
[Site "Sao Paulo"]
[Date "2017.10.12"]
[Round "1"]
[White "Rodrigues, Julliano de Araujo"]
[Black "Deste, Dayan Kuhn"]
[Result "0-1"]
[WhiteElo "1857"]
[BlackElo "1980"]
[PlyCount "72"]
[EventDate "2017.10.12"]
[EventType "swiss"]
[EventRounds "7"]
[EventCountry "BRA"]
[SourceTitle "EXT 2019"]
[Source "ChessBase"]
[SourceDate "2018.10.10"]
[SourceVersion "1"]
[SourceVersionDate "2018.10.10"]
[SourceQuality "1"]

1. e4 c5 2. Nf3 d6 3. d4 cxd4 4. Nxd4 Nf6 5. Nc3 a6 6. Be3 e5 7. Nb3 Be6 8. Qd2 Be7 9. f3 b5 10. g4 h6 11. 0-0-0 Nbd7 12. h4 Nb6 13. g5 hxg5 14. Bxg5 Nc4 15. Qg2 Qb6 16. Qg1 Qxg1 17. Rxg1 Nh5 18. Nd5 Bxd5 19. Rxd5 Bxg5+ 20. Rxg5 Ne3 21. Bxb5+ axb5 22. Rxd6 f6 23. Rg1 Rxa2 24. Rb6 0-0 25. Kb1 Rxb2+ 26. Kxb2 Nc4+ 27. Kc3 Nxb6 28. Kb4 Nc4 29. Kxb5 Na3+ 30. Kb4 Nxc2+ 31. Kc3 Rc8+ 32. Kd2 Nd4 33. Nxd4 Rd8 34. Ke3 Rxd4 35. Rg4 Rd1 36. Ke2 Rh1 0-1

[Event "BRA-ch Amateur U2000"]
[Site "Sao Paulo"]
[Date "2016.05.26"]
[Round "1"]
[White "Deste, Dayan Kuhn"]
[Black "Serafim Junior, Arnor"]
[Result "1/2-1/2"]
[WhiteElo "1966"]
[BlackElo "1868"]
[PlyCount "90"]
[EventDate "2016.05.26"]
[EventType "swiss"]
[EventRounds "7"]
[EventCountry "BRA"]
[SourceTitle "EXT 2019"]
[Source "ChessBase"]
[SourceDate "2018.10.10"]
[SourceVersion "1"]
[SourceVersionDate "2018.10.10"]
[SourceQuality "1"]

1. e4 c5 2. Nf3 e6 3. d4 cxd4 4. Nxd4 a6 5. Bd3 Nf6 6. 0-0 Qc7 7. Re1 d6 8. Nd2 Bd7 9. N2f3 Nc6 10. c3 e5 11. Nc2 Be7 12. Ne3 0-0 13. Nd5 Nxd5 14. exd5 Nd8 15. Bg5 Bg4 16. Bxe7 Qxe7 17. h3 Bh5 18. g4 Bg6 19. Bxg6 hxg6 20. c4 Rc8 21. Rc1 f5 22. g5 Nf7 23. h4 e4 24. Nd4 Qe5 25. Ne6 Rfe8 26. Qc2 Rxe6 27. dxe6 Qxe6 28. f4 b5 29. b3 Qe7 30. Qe2 Qa7+ 31. Kg2 Qb7 32. cxb5 axb5 33. Rxc8+ Qxc8 34. Qxb5 Qc3 35. Qe2 d5 36. Qe3 Qa5 37. Re2 Nd8 38. Rc2 Ne6 39. Qd2 Qd8 40. Rc6 Qd7 41. Rxe6 Qxe6 42. Qd4 Qc6 43. Kg3 Qe6 44. Kf2 Qc6 45. Kg3 Qe6 1/2-1/2

[Event "Porto Alegre IRT 50"]
[Site "Porto Alegre"]
[Date "2016.05.07"]
[Round "2"]
[White "Deste, Dayan Kuhn"]
[Black "Caceres, Elton Carlos"]
[Result "1-0"]
[WhiteElo "1966"]
[BlackElo "1854"]
[PlyCount "99"]
[EventDate "2016.05.06"]
[EventType "swiss"]
[EventRounds "5"]
[EventCountry "BRA"]
[SourceTitle "CBM 172 Extra"]
[Source "ChessBase"]
[SourceDate "2016.06.21"]
[SourceVersion "1"]
[SourceVersionDate "2016.06.21"]
[SourceQuality "1"]

1. e4 d5 2. exd5 Nf6 3. d4 Nxd5 4. Bd3 g6 5. Nf3 Bg7 6. 0-0 Nb4 7. Bb5+ c6 8. Ba4 0-0 9. c3 Nd5 10. Re1 Bg4 11. h3 Bxf3 12. Qxf3 e6 13. Nd2 Nd7 14. Ne4 N7f6 15. Bg5 h6 16. Bh4 g5 17. Bg3 Nxe4 18. Qxe4 Nf6 19. Qf3 Qd5 20. Qd3 Rfd8 21. Bc2 a6 22. Re5 Qd7 23. h4 g4 24. Rae1 Kf8 25. f3 b6 26. Qe2 Nd5 27. fxg4 Bxe5 28. Qxe5 f6 29. Qh5 Qf7 30. Qxh6+ Qg7 31. Qxg7+ Kxg7 32. Rxe6 Rac8 33. g5 Re8 34. Rd6 Red8 35. Re6 Re8 36. Rd6 Red8 37. h5 Rxd6 38. h6+ Kf7 39. g6+ Kg8 40. Bxd6 Rd8 41. Ba3 c5 42. dxc5 Ne7 43. cxb6 Nc6 44. Bb3+ Kh8 45. g7+ Kh7 46. Bf8 Kxh6 47. g8Q+ Kh5 48. Bf7+ Kh4 49. g3+ Kh3 50. Be6+ 1-0

[Event "Goiania Goias Cup"]
[Site "Goiania"]
[Date "2015.09.27"]
[Round "5"]
[White "Amaro, Jose Roberto"]
[Black "Deste, Dayan Kuhn"]
[Result "1/2-1/2"]
[WhiteElo "1782"]
[BlackElo "1920"]
[PlyCount "133"]
[EventDate "2015.09.25"]
[EventType "swiss"]
[EventRounds "6"]
[EventCountry "BRA"]
[SourceTitle "EXT 2016"]
[Source "ChessBase"]
[SourceDate "2015.10.08"]
[SourceVersion "1"]
[SourceVersionDate "2015.10.08"]
[SourceQuality "1"]

1. e4 c5 2. c3 d5 3. exd5 Qxd5 4. d4 e6 5. Nf3 Nf6 6. Be2 Be7 7. 0-0 0-0 8. h3 Nc6 9. Be3 cxd4 10. cxd4 Rd8 11. Nc3 Qa5 12. Qb3 Qb4 13. Qc2 a6 14. a3 Qd6 15. Rac1 Bd7 16. Rfd1 Rac8 17. Ne4 Nxe4 18. Qxe4 Qd5 19. Qg4 Bf6 20. Bd3 g6 21. Qf4 Bg7 22. Ng5 Be8 23. Ne4 Nxd4 24. Nf6+ Bxf6 25. Qxf6 Nc6 26. Bxa6 Qh5 27. Rxd8 Rxd8 28. Bxb7 Qe5 29. Qh4 f6 30. Qf4 g5 31. Qxe5 Nxe5 32. Rc8 Rxc8 33. Bxc8 Kf7 34. Bd4 Nd3 35. g3 e5 36. Bc3 Bb5 37. Bf5 Nc1 38. Bxh7 Ke6 39. Bc2 Be2 40. Bd2 Nd3 41. Bxd3 Bxd3 42. h4 gxh4 43. gxh4 f5 44. Kg2 f4 45. Kf3 Kf5 46. a4 e4+ 47. Kg2 Kg4 48. b4 f3+ 49. Kh2 Kxh4 50. b5 Kg4 51. Be3 Kh4 52. Bc5 Kg4 53. Be7 e3 54. Kg1 e2 55. Bb4 Kf4 56. Bd2+ Ke4 57. Kh2 Kd5 58. Kg3 Be4 59. Kf4 Kd4 60. a5 Bd5 61. a6 Kc5 62. Ke5 Ba8 63. a7 Kxb5 64. Kd4 Ka6 65. Kd3 Kxa7 66. Be3+ Ka6 67. Kd2 1/2-1/2

[Event "Goiania Goias Cup"]
[Site "Goiania"]
[Date "2015.09.25"]
[Round "2"]
[White "Deste, Dayan Kuhn"]
[Black "Matsuura, Everaldo"]
[Result "0-1"]
[WhiteElo "1920"]
[BlackElo "2488"]
[PlyCount "72"]
[EventDate "2015.09.25"]
[EventType "swiss"]
[EventRounds "6"]
[EventCountry "BRA"]
[SourceTitle "EXT 2016"]
[Source "ChessBase"]
[SourceDate "2015.10.08"]
[SourceVersion "1"]
[SourceVersionDate "2015.10.08"]
[SourceQuality "1"]

1. e4 c5 2. Nf3 Nc6 3. d4 cxd4 4. Nxd4 Nf6 5. Nc3 e5 6. Nxc6 dxc6 7. Qxd8+ Kxd8 8. Bc4 Ke8 9. f3 Bc5 10. Bd2 Ke7 11. 0-0-0 b5 12. Bb3 a5 13. a4 b4 14. Ne2 Ba6 15. Ng3 g6 16. Bg5 h6 17. Bxf6+ Kxf6 18. Rd7 Ra7 19. Rhd1 Rha8 20. Bxf7 Be3+ 21. Kb1 Rxd7 22. Rxd7 Ra7 23. Be8 Rxd7 24. Bxd7 h5 25. Bh3 h4 26. Nh1 Bf1 27. Ka2 Ke7 28. b3 Kd6 29. Kb2 Kc5 30. c3 bxc3+ 31. Kxc3 g5 32. Kc2 Kb4 33. Kd1 Kxb3 34. Ke1 Ba6 35. Bd7 c5 36. g3 c4 0-1

[Event "Goiania Goias Cup"]
[Site "Goiania"]
[Date "2015.09.25"]
[Round "1"]
[White "Vargas, Carlos V Valcarcel"]
[Black "Deste, Dayan Kuhn"]
[Result "0-1"]
[WhiteElo "1592"]
[BlackElo "1920"]
[PlyCount "94"]
[EventDate "2015.09.25"]
[EventType "swiss"]
[EventRounds "6"]
[EventCountry "BRA"]
[SourceTitle "EXT 2016"]
[Source "ChessBase"]
[SourceDate "2015.10.08"]
[SourceVersion "1"]
[SourceVersionDate "2015.10.08"]
[SourceQuality "1"]

1. d4 d5 2. c4 Bf5 3. e3 e6 4. Nc3 Nc6 5. c5 a6 6. a3 Nf6 7. b4 Be7 8. Nf3 0-0 9. Be2 Ne4 10. Bb2 h6 11. 0-0 Bh7 12. Nd2 f5 13. Bd3 Bf6 14. f3 Nxc3 15. Bxc3 e5 16. dxe5 Nxe5 17. Qc2 Nxd3 18. Qxd3 f4 19. e4 dxe4 20. Qc4+ Kh8 21. Nxe4 Bg8 22. Bxf6 Bxc4 23. Bxd8 Bxf1 24. Bxc7 Bb5 25. Nd6 Rf6 26. Re1 Kg8 27. Kf2 Bc6 28. Nc4 Re8 29. Ne5 Rfe6 30. g3 fxg3+ 31. hxg3 g5 32. f4 gxf4 33. gxf4 Kh7 34. Rg1 Rg8 35. Rxg8 Kxg8 36. Bd6 Kg7 37. Kg3 Kf6 38. Kg4 Be8 39. Kf3 Kf5 40. Ke3 Bc6 41. Kd4 h5 42. Ke3 Re8 43. Kf2 Rg8 44. Nf7 Rg2+ 45. Ke3 h4 46. Ng5 h3 47. Nf3 Rg3 0-1

[Event "Porto Alegre Oncosinos op"]
[Site "Porto Alegre"]
[Date "2015.09.07"]
[Round "6"]
[White "Deste, Dayan Kuhn"]
[Black "Menna Barreto, Felipe Kubiaki"]
[Result "0-1"]
[WhiteElo "1920"]
[BlackElo "2271"]
[PlyCount "132"]
[EventDate "2015.09.04"]
[EventType "swiss"]
[EventRounds "7"]
[EventCountry "BRA"]
[SourceTitle "EXT 2016"]
[Source "ChessBase"]
[SourceDate "2015.10.08"]
[SourceVersion "1"]
[SourceVersionDate "2015.10.08"]
[SourceQuality "1"]

1. e4 e5 2. Nf3 Nc6 3. Bc4 Nf6 4. Nc3 Be7 5. 0-0 d6 6. h3 0-0 7. d4 Nxe4 8. Nxe4 d5 9. Nxe5 Nxe5 10. Bb3 Ng6 11. Ng3 c6 12. c3 Bd6 13. Bc2 f5 14. Qh5 Qh4 15. Qxh4 Nxh4 16. Bg5 Ng6 17. Rfe1 f4 18. Nf1 Bf5 19. Bxf5 Rxf5 20. Re6 Bc7 21. h4 Nf8 22. Re2 Ng6 23. Rae1 h6 24. Be7 Re8 25. Bc5 Rxe2 26. Rxe2 b6 27. Re6 Rf6 28. Re8+ Kh7 29. Rc8 bxc5 30. Rxc7 cxd4 31. cxd4 Nxh4 32. Rxa7 Rg6 33. Nd2 Nxg2 34. Kf1 Nh4 35. a4 f3 36. Rf7 Rg4 37. Nxf3 Nxf3 38. Rxf3 Rxd4 39. Ra3 Rb4 40. b3 c5 41. a5 Rb7 42. a6 Ra7 43. Ra5 Kg6 44. Rxc5 Rxa6 45. Rxd5 Rb6 46. Rd3 Kf5 47. Re3 g5 48. Kg2 h5 49. Kg3 Rb4 50. Kg2 Rd4 51. Kh2 g4 52. Kg3 Rd5 53. Kg2 Kf4 54. Rc3 h4 55. Rc4+ Kg5 56. b4 h3+ 57. Kh2 Rd1 58. Rc2 Rb1 59. f3 gxf3 60. Kxh3 Kf4 61. Rc4+ Ke3 62. Rc3+ Ke2 63. Rc2+ Kd3 64. Ra2 Ke3 65. Ra3+ Kf4 66. Kh2 f2 0-1

[Event "Porto Alegre Oncosinos op"]
[Site "Porto Alegre"]
[Date "2015.09.06"]
[Round "5"]
[White "Deste, Dayan Kuhn"]
[Black "Da Luz, Paulo Lopes"]
[Result "1-0"]
[WhiteElo "1920"]
[BlackElo "1786"]
[PlyCount "75"]
[EventDate "2015.09.04"]
[EventType "swiss"]
[EventRounds "7"]
[EventCountry "BRA"]
[SourceTitle "EXT 2016"]
[Source "ChessBase"]
[SourceDate "2015.10.08"]
[SourceVersion "1"]
[SourceVersionDate "2015.10.08"]
[SourceQuality "1"]

1. e4 e5 2. Nf3 Nc6 3. Bc4 Nf6 4. d3 h6 5. h3 Bc5 6. Be3 Bb6 7. 0-0 d6 8. Nbd2 0-0 9. c3 Bd7 10. b4 a6 11. Bxb6 cxb6 12. Re1 Rc8 13. Nf1 Na7 14. Qd2 Nb5 15. Rec1 Qe7 16. a4 Na7 17. Bd5 Nc6 18. Qe3 Qd8 19. N3d2 Nxd5 20. exd5 Ne7 21. c4 Nf5 22. Qf3 Nd4 23. Qd1 Qf6 24. Ng3 Qg6 25. Nf3 Nf5 26. Ne4 Ne7 27. Nh4 Qh7 28. Nxd6 f5 29. Nxc8 Bxc8 30. Qe2 g5 31. Nf3 e4 32. Re1 Rf7 33. dxe4 fxe4 34. Qxe4 Qg7 35. Qe5 g4 36. Qxg7+ Kxg7 37. hxg4 Bxg4 38. Ne5 1-0

[Event "Porto Alegre Oncosinos op"]
[Site "Porto Alegre"]
[Date "2015.09.05"]
[Round "2"]
[White "Teixeira, Guilherme Vargas"]
[Black "Deste, Dayan Kuhn"]
[Result "0-1"]
[WhiteElo "1715"]
[BlackElo "1920"]
[PlyCount "50"]
[EventDate "2015.09.04"]
[EventType "swiss"]
[EventRounds "7"]
[EventCountry "BRA"]
[SourceTitle "EXT 2016"]
[Source "ChessBase"]
[SourceDate "2015.10.08"]
[SourceVersion "1"]
[SourceVersionDate "2015.10.08"]
[SourceQuality "1"]

1. d4 d5 2. c4 Bf5 3. Nf3 e6 4. Bf4 Bd6 5. Bg3 Nc6 6. c5 Bxg3 7. hxg3 Nf6 8. Nc3 0-0 9. e3 b6 10. Qa4 Na5 11. b4 Nc4 12. Bxc4 dxc4 13. Ne5 Nd5 14. Qa3 Nxc3 15. Qxc3 b5 16. 0-0 f6 17. Nf3 a5 18. a4 c6 19. Ra3 axb4 20. Qxb4 Qa5 21. Qxa5 Rxa5 22. Nd2 Bd3 23. Rfa1 Rfa8 24. Nb1 b4 25. R3a2 c3 0-1

[Event "La Paloma op 4th"]
[Site "La Paloma"]
[Date "2015.02.06"]
[Round "1"]
[White "Suarez, Pedro Martin"]
[Black "Deste, Dayan Kuhn"]
[Result "1/2-1/2"]
[WhiteElo "1458"]
[BlackElo "1943"]
[PlyCount "55"]
[EventDate "2015.02.06"]
[EventType "swiss"]
[EventRounds "5"]
[EventCountry "URU"]
[SourceTitle "CBM 164 Extra"]
[Source "ChessBase"]
[SourceDate "2015.03.02"]
[SourceVersion "1"]
[SourceVersionDate "2015.03.02"]
[SourceQuality "1"]

1. d4 d6 2. c4 e5 3. dxe5 dxe5 4. Qxd8+ Kxd8 5. Nc3 c6 6. Nf3 f6 7. Bd2 Be6 8. e4 Nd7 9. Be2 Kc7 10. 0-0 Nh6 11. Rad1 Nf7 12. Be3 Nb6 13. b3 Bb4 14. Rc1 Rad8 15. Nd5+ cxd5 16. cxd5+ Kd6 17. dxe6 Kxe6 18. Rc7 Nd6 19. Rxg7 Rd7 20. Ng5+ fxg5 21. Bg4+ Kf6 22. Rxd7 Nxd7 23. Bxd7 Nxe4 24. a4 Bc5 25. h3 Bxe3 26. fxe3+ Ke7 27. Bf5 Nd6 28. g4 1/2-1/2